| 000 | 01297cab a22002175a 4500 | ||
|---|---|---|---|
| 001 | L154001 | ||
| 008 | 111003e20110923xxk 000 0 eng d | ||
| 035 | _a(Sirsi) u154001 | ||
| 041 | 0 | _aeng | |
| 100 | 1 | _aMorrison, Doug | |
| 245 | 0 | 0 |
_aMarkets _bresidential, senior living |
| 260 | _c2011 | ||
| 490 | 0 |
_aProperty Week _v77(38) 23 September 2011, 58-64(4) |
|
| 520 | _aDemand for private retirement homes is growing but developers are still being held back by planning laws. Presents research data from Savills which confirms the wealth held by older people and that they do not wish to move into 'elderly enclaves': over-65s own £1tr of housing; older households move fewer times; and over-50s is the fastest growing demographic group. Specialist developers and managing agents involved in retirement housing are under pressure to clean up their act. English Care Villages has an ambitious retirement village development programme while Helical Bar is retreating from the sector. Retirement villages are no easy ride for developers. | ||
| 590 | _aKA | ||
| 651 | 4 |
_aUnited Kingdom _y |
|
| 690 | _aPROPERTY-RESIDENTIAL PROPERTY-RESIDENTIAL PROPERTY FINANCE AND INVESTMENT | ||
| 690 | _aPROPERTY-RESIDENTIAL PROPERTY-RESIDENTIAL PROPERTY MARKET | ||
| 700 | 1 | _aFarmer, Mark | |
| 942 | _n0 | ||
| 999 |
_c83442 _d83442 |
||